000 00925cam a2200349 4500500
005 20260405001824.0
041 _afre
042 _adc
100 1 0 _aPerragin, Charles
_eauthor
245 0 0 _aMatière à penser / Octobre 2014
260 _c2014.
500 _a89
690 _aAnimal
690 _aDroit
690 _aÉcosse
690 _aÉtat islamique
690 _afanatisme
690 _aGénération
690 _aGénération Y
690 _aHommes-Femmes
690 _aIslamisme
690 _aMésologie
690 _aMillenials
690 _aRéférendum
690 _aRichard Dawkins
690 _aselfie
690 _aSlavoj Žižek
690 _aSuicide
690 _aTerritoire
786 0 _nPhilosophie magazine | 83 | 10 | 2014-10-01 | p. 3-3 | 1951-1787
856 4 1 _uhttps://shs.cairn.info/magazine-philosophie-magazine-2014-10-page-3?lang=fr&redirect-ssocas=7080
999 _c2051434
_d2051434